| 000 | 00683nam a2200241Ia 4500 | ||
|---|---|---|---|
| 003 | OSt | ||
| 005 | 20221005123422.0 | ||
| 006 | a|||||r|||| 00| 0 | ||
| 007 | ta | ||
| 008 | 221004b |||||||| |||| 00| 0 eng d | ||
| 024 | _a53379 | ||
| 037 | _cTextual | ||
| 040 |
_aCRL _cCRL _beng |
||
| 041 |
_2eng _aeng |
||
| 082 | _aR46p73:N64, K4 | ||
| 100 | _aCharlesworth James C Ed. | ||
| 245 | 0 |
_aLeisure in America _b Blessing or curse? |
|
| 260 | _c1964 | ||
| 490 | _aAmerican Academy of political and social sciences monograph series; 4 | ||
| 650 | _aPHILOSOPHY | ||
| 942 |
_hR46p73:N64, K4 _cTEXL _2cc |
||
| 999 |
_c1047357 _d1047357 |
||